| 000 | 00817cam a22001814a 4500 | ||
|---|---|---|---|
| 005 | 20250605164342.0 | ||
| 008 | 250528s ||||||||||||||||||||||||d | ||
| 035 | _a23680 | ||
| 040 |
_aGR-AtMCL _bgre _dGR-AtMCL _eAACR2 |
||
| 245 | 1 | _aThe Impact of the Socio-Economic Crisis in Greece Upon the Appearance of Burnout Among Group Analytical Therapists | |
| 260 | _c2014 | ||
| 300 | _a74 | ||
| 520 | _aAcknowledgements, Abstract, Introduction, Literature Review, Socio-Economic Crisis in Greece and Its Consequences, Burnout Syndrome, Methodology, Research Question, Method, Sample, Sample Selection, Data Collection, Type of Interview, Ethical Considerations, Resources, Analysis, Discussion, Conclusion, References. | ||
| 700 | 1 |
_aKantounis Stefanos _99261 |
|
| 942 | _cDS | ||
| 999 |
_c8663 _d8663 |
||